LEADER 01478nam0-2200409---450- 001 990000522580203316 005 20090715151626.0 010 $a88-324-4294-9 035 $a0052258 035 $aUSA010052258 035 $a(ALEPH)000052258USA01 035 $a0052258 100 $a20010625d2001----y0itay0103 ba 101 $aita 102 $aIT 105 $a00||| 200 1 $a<> locazioni abitative$eLegge n. 431/1998 coordinata con tutte le norme anteriori e col D.M. 5 marzo 1999$enuovi contratti o proroghe libere, nuovi contratti con canone con canone convenzionato, ...$e402 sentenze e 19 formule contrattuali ordinarie e speciali$fFrancesco Tamborrino 205 $a22. ed. aggiornata 210 $aMilano$cIl sole 24 ore$dcopyr. 2001 215 $a390 p.$d24 cm 225 2 $aManuali di consulenza immobiliare 410 0$12001$aManuali di consulenza immobiliare 606 $aLocazione$xGuide pratiche 676 $a346.4504346 700 1$aTAMBORRINO,$bFrancesco$09567 801 0$aIT$bBNI$c20000603$gRICA 912 $a990000522580203316 951 $aXXV.1.B 342 (IG I 1506 A)$b29988 G.$cXXV.1.B 342 (IG I)$d00075070 959 $aBK 969 $aGIU 979 $aCHIARA$b40$c20010625$lUSA01$h1243 979 $aCHIARA$b40$c20010625$lUSA01$h1253 979 $c20020403$lUSA01$h1701 979 $aPATRY$b90$c20040406$lUSA01$h1636 979 $aRSIAV3$b90$c20090715$lUSA01$h1516 996 $aLocazioni abitative$9886584 997 $aUNISA LEADER 02492 am 2200601 n 450 001 9910548298603321 005 20210616 010 $a2-35768-136-5 024 7 $a10.4000/books.eua.3645 035 $a(CKB)4100000012657834 035 $a(FrMaCLE)OB-eua-3645 035 $a(oapen)https://directory.doabooks.org/handle/20.500.12854/85372 035 $a(PPN)261455141 035 $a(EXLCZ)994100000012657834 100 $a20220228j|||||||| ||| 0 101 0 $afre 135 $auu||||||m|||| 181 $ctxt$2rdacontent 182 $cc$2rdamedia 183 $acr$2rdacarrier 200 14$aLes faiseurs de notes $eÊtre musicien en Provence au siècle des Lumières /$fAurélien Gras 210 $aAvignon $cÉditions Universitaires d?Avignon$d2021 215 $a1 online resource (380 p.) 225 1 $aEn-Jeux 311 $a2-35768-135-7 330 $aQu?est-ce qu?être musicien au XVIIIe siècle ? Dans un livre qui se lit comme un roman, Aurélien Gras restitue avec finesse et sensibilité l?univers social et professionnel de ces artistes d?Ancien Régime, qu?ils soient compositeurs ou interprètes. À partir de minutieuses recherches dans les fonds d?archives provençaux, de Marseille à Arles, en passant par Aix et Avignon, l?auteur fait résonner leurs notes partout, de l?église à la rue, du théâtre aux noces de quartier. Dans cette Provence moderne, les lecteurs verront aussi surgir tout un pan de la vie sociale, encore trop ignoré. Prenons donc plaisir à découvrir les conditions d?exercice d?un métier à la fois essentiel et marginal dans une société d?ordres qui ne pouvait subsister sans se célébrer en musique. 606 $aMusic 606 $aHistory 606 $aFrench local history 606 $amusician 606 $a18th century 606 $aidentité sociale 606 $amusicien 606 $a18e siècle 610 $aFrench local history 610 $amusician 610 $a18th century 615 4$aMusic 615 4$aHistory 615 4$aFrench local history 615 4$amusician 615 4$a18th century 615 4$aidentité sociale 615 4$amusicien 615 4$a18e siècle 700 $aGras$b Aurélien$01326429 701 $aDurand$b Stéphane$01286486 701 $aGranger$b Sylvie$01288545 801 0$bFR-FrMaCLE 906 $aBOOK 912 $a9910548298603321 996 $aLes faiseurs de notes$93037418 997 $aUNINA LEADER 01477nas 2200457- 450 001 9910313041203321 005 20220308213021.0 011 $a2548-561X 035 $a(OCoLC)1120056793 035 $a(CKB)4100000007805786 035 $a(CONSER)--2019252114 035 $a(EXLCZ)994100000007805786 100 $a20190919a20159999 --- - 101 0 $aind 135 $aur||||||||||| 181 $2rdacontent 182 $cc$2rdamedia 183 $acr$2rdacarrier 200 00$aI-Economics $ea research journal on Islamic economics 210 1$aPalembang, Indonesia :$cFakultas Ekonomi dan Bisnis Islam, Universitas Islam Negeri Raden Fatah Palembang,$d2015- 215 $a1 online resource 300 $aRefereed/Peer-reviewed 311 08$a2548-5601 517 1 $aI-Economics journal 531 1 $aI-Economics 606 $aEconomics$zIslamic countries$vPeriodicals 606 $aFinance, Public$zIslamic countries$vPeriodicals 606 $aEconomics$2fast$3(OCoLC)fst00902116 606 $aFinance, Public$2fast$3(OCoLC)fst00924477 607 $aIslamic countries$2fast 608 $aPeriodicals.$2fast 608 $aPeriodicals.$2lcgft 615 0$aEconomics 615 0$aFinance, Public 615 7$aEconomics. 615 7$aFinance, Public. 712 02$aUniversitas Islam Negeri Raden Fatah.$bFakultas Ekonomi dan Bisnis Islam, 906 $aJOURNAL 912 $a9910313041203321 996 $aI-Economics$92579977 997 $aUNINA